| 000 | 00796nam a2200241 i 4500 | ||
|---|---|---|---|
| 001 | 16349 | ||
| 003 | ES-MaACL | ||
| 005 | 20240510063028.0 | ||
| 007 | t| | ||
| 008 | 000831s1999 sp |||| | spa d | ||
| 020 | _a84-7517-638-0 | ||
| 080 | _a821.134.2-4"19" | ||
| 100 | 1 |
_aRodríguez, Juan Carlos, _d1944- _9161726 |
|
| 245 | 1 | 0 |
_aDichos y escritos _b: (sobre "la otra sentimentalidad" y otros textos fechados de poética) / _cJuan Carlos Rodríguez ; nota editorial de Francisco Díaz de Castro. |
| 250 | _a1ª ed. | ||
| 260 |
_aMadrid : _bHiperión, _c1999. |
||
| 300 |
_a295 p. ; _c20 cm. |
||
| 490 | 1 | _aDicho y hecho | |
| 700 | 1 |
_aDíaz de Castro, Francisco J. _944219 |
|
| 830 | 0 |
_aDicho y hecho _9180280 |
|
| 852 |
_aES-MaACL _jL-23515 |
||
| 999 |
_c16349 _d16349 |
||